Statistics for Formula 1 Fastest Laps

Click here to take the quiz!

General Stats

  • This quiz has been taken 76 times
  • The average score is 50 of 86

Answer Stats

NationDriverFastest LapsLast Fastest Lap% Correct
UKLewis Hamilton53Emilia Romagna GP 2020
100%
FINKimi Raikkonen46Austrian GP 2018
98%
GERMichael Schumacher77German GP 2012
98%
FRAAlain Prost41Japanese GP 1993
97%
GERRalf Schumacher8Belgian GP 2005
97%
GERSebastian Vettel38Belgian GP 2019
95%
BRAAyrton Senna19European GP 1993
93%
UKDamon Hill19Hungarian GP 1996
92%
ESPFernando Alonso23Hungarian GP 2017
92%
UKGraham Hill10United States GP 1967
92%
ARGJuan Manuel Fangio23Argentine GP 1958
92%
FINKeke Rosberg3Australian GP 1985
92%
GERNico Rosberg20Malaysian GP 2016
92%
USAPhil Hill6German GP 1961
92%
FINMika Hakkinen25Hungarian GP 2001
90%
AUTNiki Lauda24German GP 1985
89%
AUSMark Webber19Brazilian GP 2013
85%
NEDMax Verstappen10Bahrain GP 2020
85%
UKNigel Mansell30Japanese GP 1992
85%
FINValterri Bottas15Russian GP 2020
85%
AUSDaniel Ricciardo15Abu Dhabi GP 2020
82%
BRANelson Piquet23Mexican GP 1987
82%
GERJochen Mass2Spanish GP 1976
80%
BRAFelipe Massa15Canadian GP 2014
79%
CANGilles Villeneuve8San Marino GP 1981
79%
UKJackie Stewart15Italian GP 1973
79%
CANJacques Villeneuve9Austrian GP 1997
79%
AUSJack Brabham12British GP 1970
75%
UKJim Clark28South African GP 1968
75%
BRARubens Barrichello17Spanish GP 2009
75%
AUTGerhard Berger21German GP 1997
72%
MEXSergio Perez4Monaco GP 2017
72%
MONCharles Leclerc4United States GP 2019
70%
ITAAlberto Ascari12Spanish GP 1954
69%
UKJenson Button8Indian GP 2012
69%
USAMario Andretti10Italian GP 1978
69%
UKDavid Coulthard18French GP 2002
67%
BRAEmerson Fittipaldi6United States GP 1975
67%
UKJames Hunt8British GP 1977
67%
COLJuan Pablo Montoya12Turkish GP 2005
67%
UKStirling Moss19Monaco GP 1961
66%
NZDenny Hulme9Belgian GP 1974
64%
UKMike Hawthorn6Portuguese GP 1958
64%
RSAJody Scheckter5Japanese GP 1977
62%
AUTJochen Rindt3Monaco GP 1970
61%
ITANino Farina5Italian GP 1951
61%
AUSAlan Jones13Dutch GP 1981
59%
UKJohn Surtees11South African GP 1970
57%
BELJacky Ickx14Italian GP 1972
56%
SWERonnie Peterson9Austrian GP 1978
56%
DENKevin Magnussen2Singapore GP 2019
51%
UKLando Norris2Turkish GP 2020
49%
ARGCarlos Reutemann6Italian GP 1981
48%
FRAJean Alesi4Monaco GP 1996
48%
NZBruce McLaren3Dutch GP 1962
46%
GERHeinz-Harald Frentzen6European GP 1997
46%
FRAPierre Gasly2Monaco GP 2019
46%
FRARene Arnoux12Dutch GP 1984
46%
CHClay Regazzoni15Italian GP 1979
43%
ITAMichele Alboreto5Italian GP 1988
43%
ITARiccardo Patrese13German GP 1992
43%
GERNico Hülkenberg2Chinese GP 2016
41%
ITAGiancarlo Fisichella2Spanish GP 2005
38%
GERNick Heidfeld2German GP 2008
38%
ARGJose Froilan Gonzalez6Italian GP 1954
36%
FRAJacques Laffite7European GP 1985
34%
USADan Gurney6German GP 1967
33%
BRAJose Carlos Pace5South African GP 1975
33%
FRADidier Pironi5Canadian GP 1982
28%
FRAFrancois Cevert2Belgian GP 1973
28%
UKJohn Watson5Detroit GP 1983
28%
FRAPatrick Tambay2South African GP 1984
26%
UKTony Brooks3British GP 1961
26%
FRAPatrick Depailler4Monaco GP 1979
21%
CHJo Siffert4Austrian GP 1971
20%
NZChris Amon3French GP 1972
18%
FRAJean-Pierre Beltoise4Monaco GP 1972
18%
ITAHeikki Kovalainen2Bahrain GP 2008
15%
ITAAlessandro Nannini2San Marino GP 1990
13%
ITALorenzo Bandini2French GP 1966
13%
USABill Vukovich3Indy 500 1955
10%
FRAJean-Pierre Jarier3United States GP 1978
7%
USAJim Rathmann2Indy 500 1960
5%
ITATeo Fabi2San Marino GP 1987
5%
UKDerek Warwick2Detroit GP 1984
3%
USARichie Ginter3Mexican GP 1966
2%

Score Distribution

Percentile by Number Answered

Percent of People with Each Score

Your Score History

You have not taken this quiz